[Event "World Blitz Women 2022"]
[Site "Almaty KAZ"]
[Date "2022.12.30"]
[Round "17.39"]
[White "Nasybullina, Alfia"]
[Black "Kim, Kristina"]
[Result "1/2-1/2"]
[WhiteTitle "WIM"]
[BlackTitle "WCM"]
[WhiteElo "2027"]
[BlackElo "1930"]
[WhiteFideId "4132416"]
[BlackFideId "13712438"]
[EventDate "2022.12.29"]

1. Nf3 f5 2. Nc3 g6 3. e4 d6 4. d4 Bg7 5. h3 Nc6 6. Bf4 e5 7. dxe5 dxe5 8. Qxd8+
Kxd8 9. O-O-O+ Bd7 10. Bg5+ Nge7 11. Bb5 h6 12. Bxc6 bxc6 13. Be3 Ke8 14. Rd2
Be6 15. Rhd1 Kf7 16. Bc5 Bf6 17. Kb1 Nc8 18. b3 Nb6 19. Ba3 Rhe8 20. Bb2 Re7 21.
a4 Rd7 22. a5 Rxd2 23. Rxd2 Nd7 24. Re2 Re8 25. Na4 f4 26. Rd2 g5 27. Ba3 h5 28.
Nc5 Nxc5 29. Bxc5 g4 30. hxg4 hxg4 31. Ne1 a6 32. Nd3 Rh8 33. f3 g3 34. Bg1 Rh1
35. Rd1 Bc8 36. Kc1 Bg7 37. Nb4 Bf8 38. Nxc6 Ba3+ 39. Kd2 Kf6 40. Ke2 Bb7 41.
Nd8 Bc8 42. c3 Bd6 43. Nc6 Bd7 44. Nb4 Bb5+ 45. c4 Bxb4 46. cxb5 Bxa5 47. bxa6
Rh8 48. Ra1 Bb6 49. Bxb6 cxb6 50. b4 Ke6 51. b5 Kd6 52. Rc1 Kd7 53. Rc6 Rb8 54.
Rh6 Kc7 55. Re6 Kd7 56. Rxe5 Kd6 57. Rd5+ Ke6 58. Rf5 Rc8 59. Rxf4 Rc2+ 60. Ke1
Rxg2 61. Rg4 Ke5 62. a7 Ra2 63. Rxg3 Rxa7 64. Rg4 Ra2 65. Kf1 Rb2 66. Rg2 Rb3
67. Kf2 Rb2+ 68. Kg1 Rb1+ 69. Kh2 Kf4 70. Rg6 Kxf3 71. Rxb6 Kxe4 72. Kg3 Ke5 1/2-1/2

[Event "World Blitz Women 2022"]
[Site "Almaty KAZ"]
[Date "2022.12.30"]
[Round "17.40"]
[White "Kaldarova, Ayaulym"]
[Black "Kaliakhmet, Elnaz"]
[Result "0-1"]
[BlackTitle "WFM"]
[WhiteElo "1832"]
[BlackElo "1786"]
[WhiteFideId "13720503"]
[BlackFideId "13730169"]
[EventDate "2022.12.29"]

1. Nf3 Nf6 2. c4 c5 3. Nc3 Nc6 4. g3 g6 5. Bg2 Bg7 6. d4 cxd4 7. Nxd4 O-O 8. O-O
Ng4 9. Nc2 d6 10. e4 Nge5 11. Ne3 Be6 12. Ncd5 Na5 13. Qe2 Rc8 14. f4 Nexc4 15.
f5 Nxe3 16. Bxe3 Bxd5 17. exd5 Nc4 18. Rab1 Nxe3 19. Qxe3 Rc2 20. Qxa7 Qc7 21.
Qe3 Rxb2 22. Rxb2 Bxb2 23. Re1 Bf6 24. Rb1 Qc2 25. Rxb7 Qd1+ 26. Bf1 Bd4 0-1

[Event "World Blitz Women 2022"]
[Site "Almaty KAZ"]
[Date "2022.12.30"]
[Round "17.41"]
[White "Tereladze, Sopio"]
[Black "Atalik, Ekaterina"]
[Result "1-0"]
[WhiteTitle "WIM"]
[BlackTitle "IM"]
[WhiteElo "2215"]
[BlackElo "2403"]
[WhiteFideId "13600486"]
[BlackFideId "4130189"]
[EventDate "2022.12.29"]

1. e4 c6 2. d4 d5 3. exd5 cxd5 4. c4 Nf6 5. Nc3 Nc6 6. Nf3 g6 7. Bg5 Be6 8. c5
Bg7 9. Bd3 O-O 10. O-O Bg4 11. Be2 Ne4 12. Be3 e6 13. h3 Bxf3 14. Bxf3 f5 15.
Bxe4 dxe4 16. d5 exd5 17. Nxd5 Ne5 18. Qb3 Kh8 19. Nf4 Qd7 20. Ne6 Nd3 21. Nxg7
Kxg7 22. Rfd1 Rad8 23. Bf4 Qc6 24. Bd6 Rf7 25. Rxd3 exd3 26. Qxd3 Re8 27. b4 1-0

[Event "World Blitz Women 2022"]
[Site "Almaty KAZ"]
[Date "2022.12.30"]
[Round "17.42"]
[White "Assylkhan, Asiya"]
[Black "Bauyrzhan, Arnash"]
[Result "0-1"]
[WhiteElo "1430"]
[BlackElo "2041"]
[WhiteFideId "13752707"]
[BlackFideId "13706322"]
[EventDate "2022.12.29"]

1. d4 d5 2. c4 e6 3. Nf3 Nf6 4. g3 Be7 5. Bg2 O-O 6. O-O a5 7. e3 c6 8. b3 Na6
9. Nc3 b6 10. Ne5 Bb7 11. Bb2 Bd6 12. Nf3 Qe7 13. Re1 c5 14. e4 dxe4 15. Nxe4
Nxe4 16. d5 Ng5 17. Nxg5 Qxg5 18. dxe6 Bxg2 19. Qxd6 Bf3 20. exf7+ Rxf7 21. Re3
Rd8 22. Qxb6 Nb4 23. Rae1 Rdf8 24. Re8 Qg4 25. Rxf8+ Rxf8 26. Re7 Rc8 27. Rxg7+
Qxg7 28. Bxg7 Kxg7 29. Qxa5 Re8 30. Qc7+ Kh8 31. Qf4 0-1

[Event "World Blitz Women 2022"]
[Site "Almaty KAZ"]
[Date "2022.12.30"]
[Round "17.43"]
[White "Samaganova, Aleksandra"]
[Black "Foudzi, Siti Zulaikha"]
[Result "1-0"]
[WhiteTitle "WFM"]
[BlackTitle "WIM"]
[WhiteElo "1884"]
[BlackElo "2136"]
[WhiteFideId "13800221"]
[BlackFideId "5700965"]
[EventDate "2022.12.29"]

1. c4 g6 2. Nc3 Bg7 3. g3 Nf6 4. Bg2 d6 5. e3 e5 6. Nge2 O-O 7. O-O Re8 8. d4 e4
9. h3 h5 10. Rb1 Bf5 11. b4 Nbd7 12. b5 Nf8 13. Nf4 Qd7 14. Kh2 N8h7 15. Ncd5 c6
16. bxc6 bxc6 17. Nxf6+ Nxf6 18. Ba3 Rab8 19. Qe2 d5 20. Rfc1 Bf8 21. Bxf8 Kxf8
22. Qc2 g5 23. Ne2 Qd6 24. cxd5 cxd5 25. Qc5 Qxc5 26. dxc5 Rxb1 27. Rxb1 Rc8 28.
Nd4 Be6 29. c6 Ne8 30. Rb7 Rc7 31. Rb8 Ke7 32. Bf1 Nd6 33. Ba6 Bc8 34. Bxc8 Rxc8
35. Rb2 Rc7 36. Rb8 Rc8 37. Rb2 Kd8 38. Rb4 Kc7 39. Ra4 Ra8 40. Ra5 Nc4 41. Rxd5
Rd8 42. Rxg5 Nd2 43. Rf5 1-0

[Event "World Blitz Women 2022"]
[Site "Almaty KAZ"]
[Date "2022.12.30"]
[Round "17.44"]
[White "Mikheeva, Galina"]
[Black "Mikhaylova, Irina"]
[Result "0-1"]
[WhiteTitle "WFM"]
[BlackTitle "WGM"]
[WhiteElo "1969"]
[BlackElo "2257"]
[WhiteFideId "44108320"]
[BlackFideId "4109040"]
[EventDate "2022.12.29"]

1. e4 c5 2. Nf3 Nc6 3. c4 Nf6 4. Nc3 e6 5. d4 cxd4 6. Nxd4 Bb4 7. Nxc6 dxc6 8.
Qxd8+ Kxd8 9. Bg5 Bxc3+ 10. bxc3 h6 11. O-O-O+ Ke7 12. Bxf6+ gxf6 13. c5 e5 14.
Bc4 Be6 15. Bxe6 fxe6 16. Kc2 Rad8 17. Rxd8 Rxd8 18. Rb1 Rd7 19. f3 f5 20. a4
Kf6 21. a5 a6 22. Re1 Rg7 23. g3 h5 24. Re2 h4 25. gxh4 Rh7 26. Kd3 Rxh4 27. Ke3
f4+ 28. Kf2 Rxh2+ 29. Ke1 Rh1+ 30. Kd2 Rf1 31. Rh2 Rxf3 32. Rh7 Re3 33. Rxb7
Rxe4 34. Rc7 Ra4 35. Rxc6 Rxa5 36. Rc8 e4 37. c6 Rc5 38. c7 Ke5 39. Ke2 a5 40.
Kd2 f3 41. Ke1 Rxc3 42. Kd2 Rc5 43. Ke3 a4 44. Kf2 a3 45. Ke3 a2 46. Ra8 Rc3+
47. Kd2 Rxc7 48. Rxa2 Rh7 49. Ke3 Rd7 50. Ra5+ Rd5 51. Ra3 Rd3+ 52. Rxd3 exd3
53. Kxd3 Kf4 54. Kd2 Kg3 55. Ke1 Kg2 0-1

[Event "World Blitz Women 2022"]
[Site "Almaty KAZ"]
[Date "2022.12.30"]
[Round "17.45"]
[White "Yao, Lan"]
[Black "Martins de Aguiar, Marina"]
[Result "1-0"]
[WhiteTitle "WIM"]
[WhiteElo "2271"]
[BlackElo "1877"]
[WhiteFideId "8610835"]
[BlackFideId "2143321"]
[EventDate "2022.12.29"]

1. e4 c5 2. Nf3 e6 3. d4 cxd4 4. Nxd4 Nf6 5. Nc3 Nc6 6. Nxc6 bxc6 7. e5 Nd5 8.
Nxd5 cxd5 9. Bd3 Bc5 10. Qh5 Qc7 11. O-O g6 12. Qe2 Bd4 13. Re1 d6 14. exd6 Qxd6
15. Bh6 Bxb2 16. Rab1 Bc3 17. Red1 Bd7 18. Qf3 Be5 19. h3 Bc6 20. c4 Qe7 21.
cxd5 exd5 22. Re1 f6 23. Bb5 Bxb5 24. Rxb5 Rd8 25. Rd1 d4 26. Qc6+ Kf7 27. Rb7
Rhe8 28. Rxe7+ Rxe7 29. Bd2 Rd6 30. Qc4+ Kg7 31. f4 Bxf4 32. Bxf4 Rdd7 33. Rxd4
Re1+ 34. Kh2 Rde7 35. Qb5 R1e6 36. Rd7 Kf7 37. Bd6 Rxd6 38. Rxd6 1-0

[Event "World Blitz Women 2022"]
[Site "Almaty KAZ"]
[Date "2022.12.30"]
[Round "17.46"]
[White "Machlik, Monika"]
[Black "Madi, Aidana"]
[Result "1-0"]
[WhiteElo "2114"]
[BlackElo "1583"]
[WhiteFideId "1513621"]
[BlackFideId "13722689"]
[EventDate "2022.12.29"]

1. d4 d5 2. c4 e6 3. Nc3 c5 4. cxd5 exd5 5. Nf3 Nc6 6. dxc5 d4 7. Na4 b5 8. cxb6
axb6 9. e3 Bb4+ 10. Bd2 Bxd2+ 11. Qxd2 Bd7 12. b3 Nf6 13. Bd3 O-O 14. O-O dxe3
15. Qxe3 Nd5 16. Qg5 Qxg5 17. Nxg5 Ncb4 18. Bxh7+ Kh8 19. Be4 Bxa4 20. bxa4 Ra5
21. Nf3 Nc3 22. Rfe1 Rxa4 23. a3 Na6 24. Bc6 Rc4 25. Bb7 Nc5 26. Ne5 Rd4 27. Bf3
Nb5 28. Rad1 Rxd1 29. Rxd1 Nxa3 30. Rd4 Nc2 31. Rh4+ Kg8 32. Bg4 Ra8 33. h3 f6
34. Ng6 Ra1+ 35. Kh2 b5 36. Ne7+ Kf7 37. Nd5 Rb1 38. Bf5 b4 39. Bxc2 Rb2 40. Bf5
b3 41. Rb4 g6 42. Bg4 Nd3 43. Rb7+ Kf8 44. Nxf6 Nxf2 45. Be6 Rb1 46. Rf7# 1-0

[Event "World Blitz Women 2022"]
[Site "Almaty KAZ"]
[Date "2022.12.30"]
[Round "17.47"]
[White "Nomindalai, Tumurbaatar"]
[Black "Chen, Jocelyn"]
[Result "1-0"]
[WhiteTitle "CM"]
[BlackTitle "WCM"]
[WhiteElo "2132"]
[BlackElo "1854"]
[WhiteFideId "4904095"]
[BlackFideId "30947154"]
[EventDate "2022.12.29"]

1. d4 Nf6 2. c4 e6 3. g3 d5 4. Nf3 Be7 5. Bg2 O-O 6. O-O dxc4 7. Qc2 a6 8. a4
Nc6 9. Qxc4 Qd5 10. Nbd2 Qxc4 11. Nxc4 Nd5 12. Bd2 Bf6 13. Nce5 Nxe5 14. Nxe5
Bxe5 15. dxe5 Bd7 16. b3 Bc6 17. Rac1 Rac8 18. Rfd1 Rfd8 19. Bg5 Rd7 20. Bf1 h6
21. Bd2 Rcd8 22. Be1 Ne7 23. Rxd7 Rxd7 24. f4 Nf5 25. Kf2 Nd4 26. Rc3 b5 27. a5
Bd5 28. b4 Bc4 29. g4 Nc6 30. Rc1 Ne7 31. Bg2 Nd5 32. Rd1 c6 33. Rd2 Rc7 34.
Bxd5 cxd5 35. Rc2 Rd7 36. Bc3 d4 37. Be1 d3 38. exd3 Rxd3 39. Rd2 Kf8 40. Rxd3
Bxd3 41. Ke3 Bc4 42. Kd4 f6 43. Kc5 1-0